Economics (Record no. 21849)

000 -LEADER
fixed length control field 00431nam a22001817a 4500
001 - CONTROL NUMBER
control field 21849
003 - CONTROL NUMBER IDENTIFIER
control field BD-DhUET
008 - FIXED-LENGTH DATA ELEMENTS--GENERAL INFORMATION
fixed length control field 141029b1970 xxu||||| |||| 00| 0 eng d
040 ## - CATALOGING SOURCE
Transcribing agency 0
Modifying agency BD-DhUET
082 ## - DEWEY DECIMAL CLASSIFICATION NUMBER
Classification number 330
Item number SAM/1970
100 ## - MAIN ENTRY--PERSONAL NAME
Personal name Samuelson , Paul A.
245 ## - TITLE STATEMENT
Title Economics
250 ## - EDITION STATEMENT
Edition statement 8th ed.
260 ## - PUBLICATION, DISTRIBUTION, ETC. (IMPRINT)
Place of publication, distribution, etc. New York
Name of publisher, distributor, etc. McGraw-Hill Book
Date of publication, distribution, etc. 1970
300 ## - PHYSICAL DESCRIPTION
Extent xxiii, 868 p.
Other physical details ill.
Dimensions 24 cm.
650 #0 - SUBJECT ADDED ENTRY--TOPICAL TERM
Topical term or geographic name as entry element Economics
942 ## - ADDED ENTRY ELEMENTS (KOHA)
Koha item type General Book
Holdings
Price effective from Lost status Koha date last seen Copy number Source of classification or shelving scheme Koha full call number Date acquired Damaged status Piece designation (barcode) Sublocation or collection (holding branch) Shelving location Location (home branch) Koha normalized classification for sorting Not for loan Withdrawn status Koha item type
2015-04-21 2015-04-211 330/SAM/19702015-04-21 20498Central Library, BUETCirculation sectionCentral Library, BUET330_000000000000000_SAM_1970  General Book
2015-06-22 2015-06-222 330/SAM/19702015-06-22 20497Central Library, BUETReading sectionCentral Library, BUET330_000000000000000_SAM_1970  Reading Item